00746naa a2200205 450000500170000001000160001702000260003303500140005903700090007308200130008210000250009524500850012025000060020526000400021127000650025130000220031694200290033899900190036795201540038620250811155226.0 aENG- 146448 c299.00a9789362253835 aEN-129980 bDBAD a230.221 aAgarwal, D.K.984054 aRamayana For Young Minds:bTimeless Tale of Valor and Virtue/cby D.K. Agarwal  a1 aNew DelhibDisha Publicationsc2025 aB-32, Shivalik Main Road, Malviya Nagar,bNew Delhi e110017 a307p. c21cm (pb) adplcEN2ddch230.2mAGA c212997d212997 001040718NFICaBNbBNd2025-08-11eDelivery of Books Act Divisiong299.00l0o230.2 AGApEN-129980r2025-08-11 00:00:00t1v299.00w2025-08-11yEN